Districts of Serbia - Map Quiz - Statistics

General Stats
  • This quiz has been taken 301 times
  • The average score is 13 of 25
Answers on the Map
Answers color-coded by a green-red scale on the quiz's map according to % correct below.
 
Answer Stats
Answer % Correct
Belgrade
85%
North Bačka
79%
North Banat
76%
South Bačka
70%
South Banat
69%
Central Banat
67%
Srem
63%
West Bačka
61%
Bor
60%
Zlatibor
54%
Pirot
52%
Nišava
49%
Pčinja
46%
Raška
46%
Šumadija
45%
Mačva
44%
Podunavlje
43%
Zaječar
43%
Kolubara
40%
Toplica
38%
Braničevo
37%
Pomoravlje
35%
Jablanica
34%
Moravica
34%
Rasina
33%
No matching quizzes found
Score Distribution
Percent of People with Each Score
Percentile by Number Answered
Your Score History
You have not taken this quiz